01408 2200205 4500001002100000005001500021035002000036008004100056245003500097100001800132250000600150260003800156300001200194084001400206082000800220650001000228520094000238990001201178990001201190INLIS00000000000095220240531081747 a0010-0524000187240531 1 ind 1 aBienvenul Amor /cIda Ernawati aErnawati, Ida a1 aYogyakarta :bSheila/ Andi,c2012 a204 hlm a813 IDA b a813 4aFiksi aBercerita tentang Orin, perempuan karier yang sukses, yang merasa bahwa karier sukses itu membuatnya jauh dari jodoh. Kegemaran belanjanya karena ditopang karier yang sukses, membuat Orin diputus oleh Arki. Arki menganggap Orin terlalu mandiri dan tidak membutuhkan pria. Orin begitu depresi dan menyalurkannya dengan bekerja keras. Di kantornya, Orin memiliki rekan bernama Rangga, yang selalu membantah dan merecoki rencana-rencana Orin dalam setiap rapat perusahaan. Pada sebuah kesempatan, di sebuah spa, Orin bertemu dengan Bima. Baginya, Bima adalah tipe pria yang memenuhi kriteria. Ia berbohong kepadanya bila hanya bekerja di CV kecil. Rupanya, Bima adalah adik Dies, sekretaris PT tempat Orin akan bekerja sama. Orin putus lagi. Orin semakin yakin bahwa Tuhan menakdirkannya hanya untuk bekerja. Orin mengalami stagnasi dalam bekerja, hingga akhirnya ia memutuskan ke Paris. Di sanalah ia bertemu Rangga. Mereka pun jadian. a0741658 a0741659